[Carpeta blanca que es dóna als assistents a jornades] [Objecte]
Descripción Física:
1 carpeta amb llom de 5 mm ; 31 cm
MARC
| LEADER | 00000nam a2200000Ia 4500 | ||
|---|---|---|---|
| 001 | 22448 | ||
| 008 | 160829s9999 xx 000 0 cat d | ||
| 080 | |a NBM-5-13 | ||
| 245 | |a [Carpeta blanca que es dóna als assistents a jornades] [Objecte] | ||
| 260 | |a Barcelona : |b Diputació de Barcelona. Àrea d'Educació, [2010?] | ||
| 300 | |a 1 carpeta amb llom de 5 mm ; |c 31 cm | ||
| 710 | |a Barcelona (Catalunya : Província). |b Àrea d'Educació |9 8009 | ||
| 901 | |a Arxiu | ||
| 942 | |n 1 | ||
| 952 | |0 0 |1 0 |4 0 |6 NBM513 |7 1 |9 51370 |a Arxiu |b Arxiu |d 2016-12-01 |l 0 |o NBM-5-13 |p 22448 |r 2016-12-01 00:00:00 |w 2016-12-01 |y ARXIU | ||
| 999 | |c 55214 |d 55214 | ||